Developing critical thinkers (Бичлэгийн дугаар. 145613)
| 000 -УДИРДЛАГА | |
|---|---|
| Удирдлага | 00994nam a22003017a 4500 |
| 003 - ХЯНАЛТЫН ТОО ТОДОРХОЙЛОГЧ | |
| Код | MN-UlNUM |
| 005 - БИЧИЛТ ХИЙСЭН ОГНОО | |
| Тухайн бичилтийг бичсэн засварласан сүүлийн огноо | 20251127104326.0 |
| 008 - ЕРӨНХИЙ МЭДЭЭЛЭЛ | |
| Ерөнхий мэдээлэл | 251114s1987 cau|b | 001 0 eng |
| 020 ## - ISBN | |
| ISBN | 1555420559 |
| 040 ## - БИЧЛЭГ ҮҮСГЭГЧ БАЙГУУЛЛАГА | |
| Бичлэг үүсгэгч номын сангийн код | МУИС-ийн номын сан |
| 084 ## - ББК АНГИЛАЛ | |
| Нэмэлт тусгалт | Нэг сэдэвт бүтээл |
| ББК ангилал | 87.7 |
| Зохиогчийн гурван тэмдэгт | S 83 |
| Мэдлэгийн ялгаа | 87 - Гүн ухаан |
| 100 1# - ЗОХИОГЧ | |
| Зохиогчийн нэр | Brookfield, Stephen. |
| 245 10 - ҮНДСЭН ГАРЧИГ | |
| Номын нэр | Developing critical thinkers |
| Бага гарчгийн мэдээ | Challenging adults to explore alternative ways of thinking and acting |
| Оролцогчдын тухай мэдээ | Stephen D. Brookfield. |
| 250 ## - ДАХИН ХЭВЛЭЛТ | |
| Дахин гаралтын дугаар | 1st ed |
| 260 ## - ГАРАЛТЫН МЭДЭЭ | |
| Хэвлэгдсэн газар | San Francisco |
| Хэвлэлийн газар | Jossey-Bass |
| Хэвлэгдсэн он | 1987 |
| 300 ## - МАТЕРИАЛЫН ТОДОРХОЙЛОЛТ | |
| хуудасны тоо | xvi, 293 p. ; |
| Хэмжээ | 24 cm |
| 500 ## - Тайлбар | |
| Дансны дугаар | БС 4205 |
| 546 ## - ХЭЛНИЙ ТУХАЙ МЭДЭЭ | |
| Хэл | Англи хэл дээр, |
| 653 ## - Түлхүүр үг | |
| Түлхүүр үг | critical thinking. |
| 653 ## - Түлхүүр үг | |
| Түлхүүр үг | psychology, Applied. |
| 653 ## - Түлхүүр үг | |
| Түлхүүр үг | study and teaching. |
| 740 ## - НОМЫН ГАРЧИГ | |
| Гарчиг | Understanding Critical Thinking in Adult Life |
| 740 ## - НОМЫН ГАРЧИГ | |
| Гарчиг | Practical Approaches for Developing Critical Thinkers |
| 740 ## - НОМЫН ГАРЧИГ | |
| Гарчиг | Helping Adults Learn to Think Critically in Different Areans of Life |
| 942 ## - ЭЛЕМЕНТИЙН ТӨРӨЛ | |
| Зүйлийн төрөл | Ном |
